000
00210nam a22000857a 4500
008
170620b xxu||||| |||| 00| 0 eng d
100
_9
3533
_a
Kaur.A
245
_a
Art of Letter Writing
260
_a
New Delhi
_b
R.C
_c
2012
999
_c
6917
_d
6917